LEADER 02582nam 2200421Ia 450 001 996393711903316 005 20200818231255.0 035 $a(CKB)4940000000115788 035 $a(EEBO)2240892032 035 $a(UnM)99900282e 035 $a(UnM)99900282 035 $a(EXLCZ)994940000000115788 100 $a19980916d1632 uy | 101 0 $aeng 135 $aurbn||||a|bb| 200 14$aThe totall discourse, of the rare aduentures, and painefull peregrinations of long nineteene yeares trauayles from Scotland, to the most famous kingdomes in Europe, Asia, and Affrica$b[electronic resource] $ePerfited by three deare bought voyages, in surueighing of forty eight kingdomes ancient and moderne; twenty one rei-publickes, ten absolute principalities, with two hundred ilands. The particular names whereof, are described in each argument of the ten diuisions of this history: and it also diuided in three bookes; two whereof, neuer heretofore published. Wherein is contayned, an exact relation, of the lawes, religion, policies, and gouernment of all their princes, potentates, and people. Together with the grieuous tortures he suffered, by the inquisition of Malaga in Spaine, his miraculous discouery and deliuery thence: and of his last and late returne from the northerne iles. By William Lithgovv 210 $aImprinted at London $cby Nicholas Okes$d1632 215 $a[16], 507, [5] p. $cill. (woodcut) 300 $aAn edition of: Lithgow, William "A most delectable, and true discourse, of and admired and painefull peregrination in Europe, Asia and Affricke.". 300 $aFrontis. = ill. 300 $aAt foot of title page: Cum Priuilegio. 300 $aRunning title reads: The 19. yeares trauels of William Lithgow, by 3. voyages in Europe, Asia, and Affrica. 300 $aThe last leaf is blank. 300 $aIncludes table of contents. 300 $aReproduction of original in the University of Illinois (Urbana-Champaign Campus). Library. 330 $aeebo-0167 606 $aInquisition$zSpain$vEarly works to 1800 606 $aVoyages and travels$vEarly works to 1800 615 0$aInquisition 615 0$aVoyages and travels 700 $aLithgow$b William$f1582-1645?$01001006 801 0$bCu-RivES 801 1$bCu-RivES 801 2$bWaOLN 906 $aBOOK 912 $a996393711903316 996 $aThe totall discourse, of the rare aduentures, and painefull peregrinations of long nineteene yeares trauayles, from Scotland, to the most famous kingdomes in Europe, Asia, and Affrica$92335019 997 $aUNISA LEADER 02510nam 2200421 450 001 9910828239703321 005 20210907110640.0 010 $a1-00-304811-0 010 $a1-003-04811-0 010 $a1-000-24582-9 035 $a(CKB)4100000011570846 035 $a(MiAaPQ)EBC6389881 035 $a(EXLCZ)994100000011570846 100 $a20201208d2021 uy 0 101 0 $aeng 135 $aurcnu|||||||| 181 $ctxt$2rdacontent 182 $cc$2rdamedia 183 $acr$2rdacarrier 200 00$aForensic and clinical forensic autopsy $ean atlas and handbook /$fedited by Cristoforo Pomara and Vittorio Fineschi 205 $aSecond edition. 210 1$aBoca Raton, Florida ;$aLondon ;$aNew York :$cCRC Press,$d[2021] 210 4$dİ 2021 215 $a1 online resource (229 pages) 311 $a0-367-33071-7 330 $a"All too often, forensic pathologists perform autopsies that are limited only to the body parts that are suspect, leading to biased and inaccurate results. A correct diagnosis for cause of death can only be reached by a strict and systematic examination of the whole body. Forensic and Clinical Forensic Autopsy: An Atlas and Handbook, Second Edition provides a step-by-step, photo-assisted guide illustrating the complete autopsy, from pre- through postautopsy procedures. Chapters look at external cadaver examiner, organ removal methods, laboratory procedures including recording and imaging techniques, microscopy applications, pediatric and fetal autopsies, and checking for genetic disease and DNA diagnosis. New chapters and sections to this edition cover histology and immunohistochemistry, in addition to added coverage on forensic anthropology and molecular autopsy. From macroscopic to microscopic approaches, this volume provides detailed guidelines for performance of autopsy on every part of the human body. Using these standardized protocols and with the proper knowledge, training, and experience, pathologists-and students of pathology and forensic pathology-can rely on this book to help them develop the skills needed to become experts in their field"--$cProvided by publisher. 606 $aAutopsy$xmethods 615 2$aAutopsy$xmethods 676 $a616.07 702 $aPomara$b Cristoforo 702 $aFineschi$b Vittorio 801 0$bMiAaPQ 801 1$bMiAaPQ 801 2$bMiAaPQ 906 $aBOOK 912 $a9910828239703321 996 $aForensic and clinical forensic autopsy$94115418 997 $aUNINA